| 000 | 01068cam a2200289 i 4500 | ||
|---|---|---|---|
| 999 |
_c7600 _d7600 |
||
| 003 | OSt | ||
| 005 | 20200316164334.0 | ||
| 008 | 180428s2018 ii ab b 010 0 eng d | ||
| 020 |
_a9789387587533 _q(set ; hardback) |
||
| 035 | _a(OCoLC)on1044792422 | ||
| 040 |
_aDKAGE _beng _erda _cDKAGE _dOCLCF _dOCLCO _dDLC |
||
| 082 | 0 | 4 |
_a954 _223 _bCHE |
| 245 | 0 | 0 |
_aHistory, culture and archaeological studies : _brecent trends : commemoration volume to Prof. M.L.K. Murty / _ceditor, Pedarapu Chenna Reddy. |
| 300 |
_a3 volumes (xxxvi, 1000 pages) : _billustrations (black and white, and color), maps (black and white, and color) ; _c29 cm |
||
| 500 | _aContributed articles. | ||
| 504 | _aIncludes bibliographical references. | ||
| 650 | 0 | _aArts, Indic. | |
| 650 | 7 |
_aAntiquities. _2fast |
|
| 650 | 7 |
_aArts, Indic. _2fast |
|
| 650 | 7 |
_aCivilization. _2fast |
|
| 651 | 0 |
_aIndia _xCivilization. |
|
| 651 | 0 |
_aIndia _xAntiquities. |
|
| 651 | 7 |
_aIndia. _2fast |
|
| 700 | 1 |
_aMurty, M. L. K., _ehonouree. |
|
| 700 | 1 |
_aChenna Reddy, P. _q(Pedarapu), _d1959- _eeditor. |
|
| 942 | _2ddc | ||